Energy harvesting autonomous sensor systems : (Record no. 355674)

000 -LEADER
fixed length control field 01189cam a22003257i 4500
001 - CONTROL NUMBER
control field 17780446
003 - CONTROL NUMBER IDENTIFIER
control field Nust- CAS-E
005 - DATE AND TIME OF LATEST TRANSACTION
control field 20180118181409.0
008 - FIXED-LENGTH DATA ELEMENTS--GENERAL INFORMATION
fixed length control field 130617s2013 flua b 001 0 eng d
010 ## - LIBRARY OF CONGRESS CONTROL NUMBER
LC control number 2012554568
016 7# - NATIONAL BIBLIOGRAPHIC AGENCY CONTROL NUMBER
Record control number 016199612
Source Uk
020 ## - INTERNATIONAL STANDARD BOOK NUMBER
International Standard Book Number 9781439892732 (hardback : acidfree paper)
020 ## - INTERNATIONAL STANDARD BOOK NUMBER
International Standard Book Number 1439892733 (hardback : acidfree paper)
035 ## - SYSTEM CONTROL NUMBER
System control number (OCoLC)ocn741542186
040 ## - CATALOGING SOURCE
Original cataloging agency BTCTA
Language of cataloging eng
Transcribing agency BTCTA
Description conventions rda
Modifying agency UKMGB
-- YDXCP
-- BWX
-- VGM
-- CDX
-- OCLCQ
-- NDD
-- DLC
042 ## - AUTHENTICATION CODE
Authentication code lccopycat
050 00 - LIBRARY OF CONGRESS CALL NUMBER
Classification number TK7872.D48
Item number T36 2013
082 00 - DEWEY DECIMAL CLASSIFICATION NUMBER
Classification number 681.2
Edition number 23
Author Mark TAN-E 2013
100 1# - MAIN ENTRY--PERSONAL NAME
Personal name Tan, Yen Kheng,
Dates associated with a name 1978-
245 10 - TITLE STATEMENT
Title Energy harvesting autonomous sensor systems :
Remainder of title design, analysis and practical implementation /
Statement of responsibility, etc. Yen Kheng Tan.
300 ## - PHYSICAL DESCRIPTION
Extent xii, 242 pages :
Other physical details illustrations ;
Dimensions 24 cm
500 ## - GENERAL NOTE
General note "K14160"--Page 4 of cover.
502 ## - DISSERTATION NOTE
Dissertation note 0
504 ## - BIBLIOGRAPHY, ETC. NOTE
Bibliography, etc. note Includes bibliographical references (pages 217-227) and index.
650 #0 - SUBJECT ADDED ENTRY--TOPICAL TERM
Topical term or geographic name entry element Wireless sensor networks.
650 #0 - SUBJECT ADDED ENTRY--TOPICAL TERM
Topical term or geographic name entry element Energy harvesting.
906 ## - LOCAL DATA ELEMENT F, LDF (RLIN)
a 7
b cbc
c copycat
d 2
e ncip
f 20
g y-gencatlg
942 ## - ADDED ENTRY ELEMENTS (KOHA)
Source of classification or shelving scheme
Koha item type Book
Holdings
Withdrawn status Lost status Source of classification or shelving scheme Damaged status Not for loan Collection code Permanent Location Current Location Shelving location Date acquired Source of acquisition Cost, normal purchase price Total Checkouts Full call number Barcode Date last seen Price effective from Koha item type
            US-Pakistan Center for Advanced Studies in Energy (USPCAS-E) US-Pakistan Center for Advanced Studies in Energy (USPCAS-E)   11/24/2015 Victoria Co. 17976.00   681.2 TAN-E 2013 CAS-E0000760 11/24/2015 11/24/2015 Book
© 2023 Central Library, National University of Sciences and Technology. All Rights Reserved.